Geografía argentina, cuarto año /

Guardado en:
Autor Principal: Dagnino Pastore, Lorenzo
Formato: Libro
Publicado: Buenos Aires : Crespillo, 1962
Edición:19a. ed.
Materias:
Etiquetas: Agregar Etiqueta
Sin Etiquetas, Sea el primero en etiquetar este registro!
LEADER 00507nam a22001815a 4500
001 CEM.cems001916
005 20060215000000.0
008 130507s1962##################000#0#####d
003 CEMS
082 0 4 |a 918.2 
100 1 |a Dagnino Pastore, Lorenzo 
245 1 0 |a Geografía argentina, cuarto año / 
250 |a 19a. ed. 
260 |a Buenos Aires :  |b Crespillo,  |c 1962 
300 |a 345 p. 
653 |a Geografia 
653 |a Geografia argentina 
859 |a CEMS  |b BIB. CEMS - 11 de abril  |h 918.2  |i D133a19/IV  |p 10265.81  |t Ej.1